000
00319nam a22001337a 4500
003
OSt
005
20231124151607.0
008
231124b |||||||| |||| 00| 0 eng d
040
_c
CO-JMCR
082
_a
A /
_b
GRAn
100
_a
Granero Nono
_e
autor
_9
42929
245
_a
¿Un paseo? /
_c
Nono granero
942
_2
ddc
_c
BK
999
_c
30324
_d
16708